<?xml version='1.0' encoding='UTF-8'?>
  <record xmlns="http://www.loc.gov/MARC21/slim">
    <leader>00000cam a2200000Mi 4500</leader>
    <controlfield tag="001">ocm66067547</controlfield>
    <controlfield tag="003">OCoLC</controlfield>
    <controlfield tag="005">20251112060725.5</controlfield>
    <controlfield tag="008">921029s1836    fr            000 0 fre d</controlfield>
    <datafield tag="040" ind1=" " ind2=" ">
      <subfield code="a">NLGGC</subfield>
      <subfield code="b">dut</subfield>
      <subfield code="e">fobidrtb</subfield>
      <subfield code="c">NLGGC</subfield>
    </datafield>
    <datafield tag="029" ind1="0" ind2=" ">
      <subfield code="a">NLGGC</subfield>
      <subfield code="b">099889641</subfield>
    </datafield>
    <datafield tag="035" ind1=" " ind2=" ">
      <subfield code="a">(OCoLC)66067547</subfield>
    </datafield>
    <datafield tag="100" ind1="1" ind2=" ">
      <subfield code="a">Marsdijk, W. van.</subfield>
      <subfield code="0">(NL-LeOCL)202015084</subfield>
    </datafield>
    <datafield tag="245" ind1="1" ind2="0">
      <subfield code="a">Lettre à Monsieur le bourgmestre de la ville de Bonn, contenant les preuves de l'origine hollandaise du célèbre compositeur Louis van Beethoven /</subfield>
      <subfield code="c">par W. van Marsdijk.</subfield>
    </datafield>
    <datafield tag="246" ind1="3" ind2=" ">
      <subfield code="a">Preuves de l'origine hollandaise du célèbre compositeur Louis van Beethoven</subfield>
    </datafield>
    <datafield tag="260" ind1=" " ind2=" ">
      <subfield code="a">à Amsterdam :</subfield>
      <subfield code="b">J. D. Sijbrandi,</subfield>
      <subfield code="c">1836.</subfield>
    </datafield>
    <datafield tag="300" ind1=" " ind2=" ">
      <subfield code="a">20 p. ;</subfield>
      <subfield code="c">21 cm.</subfield>
    </datafield>
    <datafield tag="336" ind1=" " ind2=" ">
      <subfield code="a">tekst</subfield>
      <subfield code="b">txt</subfield>
      <subfield code="2">rdacontent/dut</subfield>
    </datafield>
    <datafield tag="337" ind1=" " ind2=" ">
      <subfield code="a">zonder medium</subfield>
      <subfield code="b">n</subfield>
      <subfield code="2">rdamedia/dut</subfield>
    </datafield>
    <datafield tag="338" ind1=" " ind2=" ">
      <subfield code="a">band</subfield>
      <subfield code="b">nc</subfield>
      <subfield code="2">rdacarrier/dut</subfield>
    </datafield>
    <datafield tag="500" ind1=" " ind2=" ">
      <subfield code="a">Omslagtitel: Preuves de l'origine hollandaise du célèbre compositeur Louis van Beethoven.</subfield>
    </datafield>
    <datafield tag="600" ind1="1" ind2="7">
      <subfield code="a">Beethoven, Ludwig van,</subfield>
      <subfield code="d">1770-1827.</subfield>
      <subfield code="2">local</subfield>
      <subfield code="0">(NL-LeOCL)068716494</subfield>
    </datafield>
    <datafield tag="650" ind1=" " ind2="7">
      <subfield code="a">Beethoven, Ludwig van.</subfield>
      <subfield code="2">nbdbt</subfield>
      <subfield code="0">(NL-LeOCL)077983610</subfield>
    </datafield>
    <datafield tag="776" ind1="0" ind2=" ">
      <subfield code="a">Marsdijk, W. van</subfield>
      <subfield code="t">Lettre à Monsieur le bourgmestre de la ville de Bonn, contenant les preuves de l'origine hollandaise du célèbre compositeur Louis van Beethoven</subfield>
      <subfield code="w">(NL-LeOCL)354333593</subfield>
      <subfield code="w">(OCoLC)825118927</subfield>
    </datafield>
  </record>